Mathematical snapshots /
Guardado en:
| Autor Principal: | |
|---|---|
| Formato: | Libro |
| Idioma: | English Polish |
| Publicado: |
Mineola, N.Y. :
Dover Publications,
1999.
|
| Edición: | 3rd American ed., rev. and enl. |
| Materias: | |
| Acceso en línea: | Publisher description |
| Etiquetas: |
Agregar Etiqueta
Sin Etiquetas, Sea el primero en etiquetar este registro!
|
| LEADER | 01083cam a2200277 a 4500 | ||
|---|---|---|---|
| 001 | MAT.inmabb006389 | ||
| 008 | 990512r19991983nyua#####b####001#0#eng## | ||
| 005 | 20151118155453.0 | ||
| 245 | 1 | 0 | |a Mathematical snapshots / |c H. Steinhaus ; preface to the 1983 edition by Morris Kline. |
| 250 | |a 3rd American ed., rev. and enl. | ||
| 260 | |a Mineola, N.Y. : |b Dover Publications, |c 1999. | ||
| 300 | |a 311 p. : |b il. ; |c 22 cm. | ||
| 500 | |a Previously published: Oxford, Oxfordshire ; New York : Oxford University Press, 1983. | ||
| 504 | |a Incluye referencias bibliográficas (p. 297-305) e índice. | ||
| 510 | 4 | |a MR, |c 2000h:00002 | |
| 020 | |a 0486409147 (pbk.) | ||
| 100 | 1 | |a Steinhaus, Hugo, |d 1887-1972. | |
| 240 | 1 | 0 | |a Kalejdoskop matematyczny. |l Inglés |
| 650 | 0 | |a Mathematics |v Popular works. | |
| 650 | 0 | |a Mathematical recreations. | |
| 084 | |a 00A08 |2 msc2000 | ||
| 010 | |a 99033052 | ||
| 040 | |a DLC |c DLC |d DLC | ||
| 041 | 1 | |a eng |h pol | |
| 856 | 4 | 2 | |3 Publisher description |u http://www.loc.gov/catdir/description/dover032/99033052.html |
| 859 | |h 00A08 |i St822 |p A-8621 |b BIB. MATEMATICA | ||
